000 00517nam a2200205Ia 4500
005 20240823024644.0
008 240823s9999||||xx |||||||||||||| ||und||
020 _a978-81-315-0492-5
041 _aENGLISH
082 _A005.73 P9
100 _aGillberg
245 0 _aData Structures A Pseudocode Approach with C++
250 _a1st
260 _c2009
_bCengage Learning
_aNew Delhi
500 _aYES
650 _aData Structure
_bComputer Science
700 _a Forouzean
942 _cBK
999 _c184432
_d184432